[Event "Fredrikstad CC-ch"]
[Site "Fredrikstad"]
[Date "2002.02.13"]
[Round "5"]
[White "Loken, Per"]
[Black "Fredriksen, Frank"]
[Result "0-1"]
[WhiteElo "870"]
[BlackElo "1276"]
[PlyCount "36"]
[EventDate "2002.01.??"]
[EventType "swiss"]
[EventRounds "11"]
[EventCountry "NOR"]
[SourceTitle "EXT 2005"]
[Source "ChessBase"]
[SourceDate "2004.11.15"]
[SourceVersion "1"]
[SourceVersionDate "2004.11.15"]
[SourceQuality "1"]

1. d4 d5 2. c4 c5 3. e4 dxe4 4. d5 Nf6 5. Nc3 e6 6. Bg5 Be7 7. g3 exd5 8. cxd5 0-0 9. Bg2 Re8 10. h3 h6 11. Bxf6 Bxf6 12. Bxe4 Bxc3+ 13. bxc3 Rxe4+ 14. Kf1 Nd7 15. Qf3 Nf6 16. Rd1 b6 17. Ne2 Ba6 18. Rd2 Qd6 0-1